Bilecik Bilecik Bilecik Bilecik Bilecik

Marksizmin başyapıtları : (Record no. 49149)

MARC details
000 -BAŞLIK
Sabit Uzunluktaki Kontrol Alanı 01175nam a22003617a 4500
001 - KONTROL NUMARASI
Control Dosyası 0049311
003 - KONTROL NUMARASI KİMLİĞİ
Kontrol Alanı KOHA_MİRAKIL
005 - EN SON İŞLEM TARİHİ ve ZAMANI
Kontrol Alanı 20260207003648.0
007 - FİZİKSEL TANIM SABİT ALAN - GENEL BİLGİ
Sabit uzunluklu kontrol alanı ta
008 - SABİT UZUNLUKTAKİ VERİ ÖGELERİ - GENEL BİLGİ
Sabit Alan 150629b2013 tu |||gr||||#||||0|tur |
020 ## - ISBN - ULUSLARARASI STANDART KİTAP NUMARASI
Isbn 9786055888343
040 ## - KATALOGLAMA KAYNAĞI
Özgün Kataloglama Kurumu TR-BiSEU
Kataloglama Dili tur
Çeviri Kurumu TR-BiSEU
Açıklama Kuralları rda
041 0# - DİL KODU
Metin ya da ses kaydının dil kodu tur
044 ## - YAYINLAYAN/ÜRETEN KURULUŞUN ÜLKE KODU
ISO country code tu
050 ## - SINIFLAMA ve YER NUMARASI
Sınıflama Numarası HX39.5
Yer Numarası .M35 2013
245 0# - ESER ADI BİLDİRİMİ
Başlık Marksizmin başyapıtları :
Alt Eseradı vb. 19. yüzyıl/
Sorumluluk Bildirimi Yayıma hazırlayan Ender Helvacıoğlu, Baha Okar.
250 ## - BASIM BİLDİRİMİ
Basım Bildirimi Birinci Baskı: Haziran 2013.
264 #1 - ÜRERİM, YAYIN, DAĞITIM ve TELİF BİLDİRİMİ
Yayın yeri İstanbul :
Yayınlayan Bilim ve Gelecek Kitaplığı
Yayın tarihi 2013
300 ## - FİZİKSEL TANIMLAMA
Sayfa, Cilt vb. 270 sayfa ;
Boyutları 24 cm.
336 ## - İÇERİK TÜRÜ
Content type term metin
Content type code txt
Source rdacontent
337 ## - MEDYA TÜRÜ
Media type term aracısız
Media type code n
Source rdamedia
338 ## - TAŞIYICI TÜRÜ
Carrier type term cilt
Carrier type code nc
Source rdacarrier
490 1# - DİZİ BİLDİRİMİ
Dizi Bildirimi Bilim ve Gelecek Kitaplığı ;
Cilt Numarası 35.
490 1# - DİZİ BİLDİRİMİ
Dizi Bildirimi Başyapıtlar ve Öncüler Dizisi ;
Cilt Numarası 2.
500 ## - GENEL NOT
Genel Not Kaynakça var.
650 #0 - KONU BAŞLIĞI EK GİRİŞ - KONU TERİMİ
Konusal terim veya coğrafi ad Marx, Karl, 1818-1883.
9 (RLIN) 23252
650 #0 - KONU BAŞLIĞI EK GİRİŞ - KONU TERİMİ
Konusal terim veya coğrafi ad Engels, Friedrich, 1820-1895.
9 (RLIN) 45072
650 #0 - KONU BAŞLIĞI EK GİRİŞ - KONU TERİMİ
Konusal terim veya coğrafi ad Economics.
9 (RLIN) 7142
650 #0 - KONU BAŞLIĞI EK GİRİŞ - KONU TERİMİ
Konusal terim veya coğrafi ad Socialism.
9 (RLIN) 9051
830 1# - SERİ EK GİRİŞİ - TEKBİÇİM ESER ADI
Tekbiçim Başlık Bilim ve Gelecek Kitaplığı ;
Volume number/sequential designation 35.
9 (RLIN) 90679
830 1# - SERİ EK GİRİŞİ - TEKBİÇİM ESER ADI
Tekbiçim Başlık Başyapıtlar ve Öncüler Dizisi ;
Volume number/sequential designation 2.
9 (RLIN) 90683
942 ## - EK GİRİŞ ÖGELERİ (KOHA)
Source of classification or shelving scheme Library of Congress Classification
Koha item type Book
Holdings
Materyal Türü Kalıcı Konum Mevcut Konum Raf Yeri Sınıflandırma Kaynağı Edinim Bilgisi Ana Konular Alt Konular Yer Numarası Demirbaş Numarası Fatura Tarihi Maliyet, Alış Fiyatı Maliyet, Yenileme Fiyatı Geri Çekilme Durumu Kayıp Durumu Hasarlı Durumu Kredi için değil Kayıt Tarih Toplam Ödünçverme Son Görülme Tarihi Son Kontrol Tarihi Satın Alma Notu
Book Prof. Dr. Azmi Özcan Kütüphanesi Prof. Dr. Azmi Özcan Kütüphanesi Uluğbey Salonu Library of Congress Classification Satın SOSYAL BİLİMLER Sosyalizm, Komünizm, Anarşizm HX39.5 .M35 2013 0049311 07/07/2015 14.27 14.27         29/06/2015 3 05/12/2024 05/12/2024 B-984687 - B-984797